Skład reprezentacji Polski na Mistrzostwach Świata 1974 - Statystyki

Ogólne statystyki
  • Ten quiz został rozwiązany 33 razy
  • Średni wynik to 12 z 22
Statystyki odpowiedzi
Nazwisko % Poprawnych
Jan Tomaszewski
100%
Kazimierz Deyna
96%
Grzegorz Lato
93%
Andrzej Szarmach
89%
Jerzy Gorgoń
89%
Władysław Żmuda
89%
Antoni Szymanowski
78%
Henryk Kasperczak
74%
Robert Gadocha
74%
Adam Musiał
52%
Jan Domarski
52%
Kazimierz Kmiecik
52%
Zdzisław Kapka
44%
Lesław Ćmikiewicz
41%
Mirosław Bulzacki
37%
Zygmunt Maszczyk
37%
Zbigniew Gut
30%
Marek Kusto
26%
Andrzej Fischer
15%
Zygmunt Kalinowski
15%
Henryk Wieczorek
11%
Roman Jakóbczak
11%
Nie znaleziono quizów pasujących do podanych kryteriów
Rozkład punktacji
Procent ludzi z każdym wynikiem
Percentyl według liczby udzielonych odpowiedzi
Twoja historia wyników
Nie rozwiązałeś tego quizu